Versi cinta kita

Bibliographic Details
Main Author: Hana Norisa
Format: Book
Published: Kuala Lumpur : Penerbitan Fajar Pakeer , 2015
Series:Novel
Subjects:

MARC

LEADER 00000cam a2200000 7i4500
001 0000085018
005 20200127.0
008 200127
020 |a 9789673652419 
090 0 0 |a HAN   |b MAL 
100 1 |a Hana Norisa 
245 1 4 |a Versi cinta kita   |c Hana Norisa 
260 |a Kuala Lumpur :   |b Penerbitan Fajar Pakeer ,   |c 2015 
300 |a 18.5mm :   |b 687pg 
490 0 |a Novel 
500 |a Dewasa 
650 0 |a Malay fiction 
650 0 |a Novel cinta 
999 |a 0001592193   |b Book   |c Adult Collection   |e Cawangan Bandar Tenggara